Les 20 plus grandes villes de la Sarthe sur une carte - Statistiques

Statistiques générales
  • Ce quiz a été pris 159 fois
  • Le résultat moyen est 11 sur 20
Réponses sur la Carte
Les réponses sont colorées sur une échelle allant du rouge au vert en fonction du pourcentage des utilisateurs qui les ont devinées à leur premier essai. Vous pouvez retrouver ces pourcentages ci-dessous.
 
Statistiques - réponses
Population Initiale Ville % Correct
145 182 (Le) M Le Mans
100%
15 081 (La) F La Flèche
90%
12 194 S Sablé-sur-Sarthe
80%
5 080 M Mamers
78%
10 740 A Allonnes
74%
8 769 (La) F La Ferté-Bernard
66%
5 463 A Arnage
61%
8 049 C Coulaines
60%
4 187 Y Yvré-l'Évêque
56%
4 628 (La) S La Suze-sur-Sarthe
51%
4 818 É Écommoy
50%
4 016 (Le) L Le Lude
50%
5 299 M Mulsanne
50%
6 803 C Changé
49%
5 707 M Montval-sur-Loir
45%
5 367 P Parigné-l'Évêque
40%
3 865 S Sargé-lès-le-Mans
36%
3 748 (La) B La Bazoge
33%
4 042 S Savigné-l'Évêque
26%
4 260 L Laigné-Saint-Gervais
17%
Aucun quiz correspondant
Distribution des résultats
% des personnes avec chaque résultat
Percentile par nombre de réponses
Votre historique - résultats
Vous n’avez pas pris ce quiz